=LDR 00000nam 2200000 4500 =001 INLIS00000000000066 =005 20260702043538 =020 ##$$a 978-602-19217-1-5 =082 ##$$a 033.668 =100 1#$$a Hidayat, Arif =245 1 $$a Menulis Inspirasi /$c Arif Hidayat =300 ##$$a 102 hal ; 14 x 21